Magyarország 50 legnépesebb települése - Statistics

General Stats
  • This quiz has been taken 49 times
  • The average score is 34 of 50
Answer Stats
Népesség Város % Correct
202130 Debrecen
97%
129373 Győr
97%
141440 Miskolc
97%
1685209 Budapest
93%
60820 Sopron
93%
157282 Szeged
93%
28521 Esztergom
90%
108651 Kecskemét
90%
139412 Pécs
90%
76918 Szombathely
90%
23663 Tata
90%
30416 Salgótarján
87%
95241 Székesfehérvár
87%
65564 Szolnok
87%
64785 Tatabánya
87%
53960 Zalaegerszeg
87%
48686 Eger
83%
114873 Nyíregyháza
83%
55118 Veszprém
83%
71495 Érd
80%
58459 Kaposvár
80%
53944 Békéscsaba
77%
33871 Vác
77%
23806 Siófok
70%
29337 Szekszárd
70%
41193 Dunaújváros
67%
27294 Gyöngyös
67%
27616 Gyula
67%
32401 Baja
63%
41669 Hódmezővásárhely
63%
42042 Nagykanizsa
63%
36125 Cegléd
60%
23871 Hajdúszoboszló
60%
30056 Ózd
57%
28483 Szentendre
57%
42630 Dunakeszi
53%
32410 Gödöllő
53%
33743 Mosonmagyaróvár
53%
28240 Pápa
53%
26007 Ajka
47%
29291 Budaörs
47%
25323 Jászberény
47%
28382 Kiskunfélegyháza
40%
24482 Szentes
40%
40132 Szigetszentmiklós
40%
24859 Orosháza
37%
25717 Kiskunhalas
33%
24267 Gyál
27%
29304 Hajdúböszörmény
27%
23700 Dunaharaszti
23%
No matching quizzes found
Score Distribution
Percent of People with Each Score
Percentile by Number Answered
Your Score History
You have not taken this quiz